000 00429nam a22001577a 4500
020 _a9788131717400
040 _cNUST
082 _a519.4 GER
100 _aGerald, Curtis F.
_9104
110 _aWheatley, Patrick O.
_991713
245 _aApplied Numerical Analysis
250 _a7th Edition
260 _aNew Delhi:
_bPearson Education
_c2016
650 _aDME TEXTBOOK.APPLIED NUMERICAL ANALYSIS
_991754
942 _2ddc
_cTEXT
999 _c589868
_d589868